Anglicko-český ekonomický slovník

Bibliographic Details
Main Author: Kalina, Miroslav, 1931- (Author)
Format: Book
Language:Czech
English
PhysicalDescription:198 s. 20 cm
Published: Praha ALEKO 1991
ISBN:8085341212
Edition:1. vyd.
Subjects:

MARC

LEADER 00000cam a2200000 a 4500
001 vtls001131896
003 SK-MaSNL
005 20260425224723.0
008 131003s1991 xr f 00000 cze
020 |a 8085341212 
035 |a SNK000074748 
040 |a SNK  |b slo  |c SNK  |e AACR2 
041 0 |a cze  |a eng 
044 |a xr  |c CZ 
080 |a 801.316.4:33=20=850  |2 1981 
080 |a 33=20=850  |2 1981 
080 |a 33(038)=20=850  |2 1981 
100 1 |a Kalina, Miroslav,  |d 1931-  |4 aut  |9 212991 
245 1 0 |a Anglicko-český ekonomický slovník  |c Miroslav Kalina 
250 |a 1. vyd. 
260 |a Praha  |b ALEKO  |c 1991 
300 |a 198 s.  |c 20 cm 
650 0 7 |a ekonómia  |2 SNKPH  |9 788 
650 0 7 |a angličtina  |2 SNKPH  |9 1260 
650 0 7 |a čeština  |2 SNKPH  |9 1319 
655 7 |a slovníky  |2 SNKPH  |9 70413 
919 |a 80-85341-21-2 
999 |c 622366  |d 624296 
952 |t P60, <04>, [BOOK], {604}  |a SNK  |b SNK  |y NEVYP  |7 0  |p 17A0063690  |o snkIC 119566 D1  |i snkKIP 1612/92  |0 0  |1 1  |4 0  |d 1997-05-13  |l 0  |r 2005-01-01 00:00:00  |w 2026-02-23 
952 |t P60, <04>, [BOOK], {604}  |a SNK  |b SNK  |y VYP  |7 0  |p 17A0184356  |o snkIC 119566  |0 0  |1 0  |4 0  |d 1999-03-04  |l 0  |r 2005-01-01 00:00:00  |w 2026-02-23